000 00414nam a2200157Ia 4500
008 240729s9999 xx 000 0 und d
022 _a2320-1495
245 0 _aSaudi Endodontic Journal
260 _aIndia
260 _bWolters Kluwer Medknow Publications
650 _a Dentistry
650 _aMedicine
856 _uhttps://doaj.org/toc/0da1c46e42c944f8bfb718271d25e0e8
942 _2ddc
942 _cDOAJEJ
999 _c71457
_d71457
945 _a1
_bMadushi Gamage
_c1
_dMadushi Gamage